00639nam a22001937a 450000500170000001000550001702000260007203500170009803500140011503700170012903700140014608200140016010000240017424500880019826000470028627000520033330000260038550000340041120230301120430.0 a1718EN-30 ENG-122885 B-681999-002 ENG-136163 a9789386050564c799.00 aB-681999-002 aEN-119695 bPragatiadpl bDBAD/PUB. a346.54016 aRajkotia, Malavika 14aIntimacy undone:bmarriage, divorce and family law in India /cby Malavika Rajkotia aNew DelhibSpeaking Tiger Publishingc2017 a4381/4,Ansari Road,DaryaganjbNew Delhie110002 axiv, 418p.c22cm.(Hb) aIncludes references and index